Statistics for Formula One Trivia - Easy

Click here to take the quiz!

General Stats

  • This quiz has been taken 225 times
  • The average score is 14 of 15

Answer Stats

HintAnswer% Correct
Lewis Hamilton and which other driver are each a 7 x World Driver's ChampionMichael Schumacher
100%
Toto Wolff is the boss of which racing team?Mercedes
99%
With which team did Sebastian Vettel win all of his 4 World Driver's Championships?Red Bull
99%
The 'Tifosi' is synonymous with which Formula One team?Ferrari
98%
In the current format (2022), how many points are awarded for winning a full race?25
97%
In which country is the Spa racing track located?Belgium
97%
What colour flag signifies that a slower car needs to allow a faster car to overtake?Blue
97%
How many qualifying sessions make up the qualifying format (2022)?3
96%
In the current calendar (2022), which is the only South American country to host a Formula One raceBrazil
95%
What is the nationality of Aston Martin driver Lance Stroll?Canadian
95%
What is the name of Lewis Hamilton's Mercedes team mate who won the World Driver's championship in 2016 and then promptly retired from racing?Nico Rosberg
93%
Which F1 circuit includes the "casino square" section?Monaco
92%
Lewis Hamilton and which other British driver have won a World Driver's Championship in the 2000s?Jenson Button
88%
Ayrton Senna had a fierce rivalry with which French driver?Alain Prost
87%
What is the name of the 2013 film that depicts the 1976 Formula One title fight between Niki Lauda and James Hunt?Rush
74%

Score Distribution

Percentile by Number Answered

Percent of People with Each Score

Your Score History

You have not taken this quiz